Best-Value FPL Assets of All Time - Statistics

General Stats
  • This quiz has been taken 35 times
  • The average score is 2 of 10
Answer Stats
Player Season Position Price Points PPM % Correct
Cole Palmer 2023/24 M 5.0M 244 48.8
90%
Riyadh Mahrez 2015/16 M 5.5M 240 43.6
52%
Harry Kane 2014/15 S 5.0M 191 38.2
23%
Stuart Dallas 2020/21 D 4.5M 171 38
19%
Kieran Trippier 2022/23 D 5.0M 198 39.6
13%
David James 2006/07 GK 4.5M 173 38.4
6%
Emiliano Martínez 2020/21 GK 4.5M 186 41.3
6%
Mark Schwarzer 2008/09 GK 4.0M 175 43.8
6%
Charlie Adam 2010/11 M 5.0M 192 38.4
3%
Michel Vorm 2011/12 GK 4.0M 158 39.5
3%
No matching quizzes found
Score Distribution
Percent of People with Each Score
Percentile by Number Answered
Your Score History
You have not taken this quiz